Rangers Biggest Transfers - Statistics

General Stats
  • This quiz has been taken 39 times
    3 since last reset
  • The average score is 123 of 170
Answer Stats
% Correct
Departures Scotland RB 23 Alan Hutton 07/08 Tottenham Hotspur €13.00m
100%
Arrivals Scotland CB 23 Alan McLaren 94/95 Hearts €2.00m
100%
Arrivals Colombia ST 21 Alfredo Morelos 17/18 HJK Helsinki €1.20m
100%
Arrivals Russia RW 29 Andrei Kanchelskis 98/99 Fiorentina €5.50m
100%
Arrivals Scotland GK 27 Andy Goram 90/91 Hibernian €2.00m
100%
Arrivals Scotland DM 26 Barry Ferguson 04/05 Blackburn Rovers €7.25m
100%
Departures Scotland DM 25 Barry Ferguson 03/04 Blackburn Rovers €9.75m
100%
Departures Scotland DM 31 Barry Ferguson 09/10 Birmingham City €1.20m
100%
Arrivals France CB 27 Basile Boli 94/95 Marseille €3.40m
100%
Departures France CB 28 Basile Boli 95/96 Monaco €2.60m
100%
Arrivals Netherlands CB 29 Bert Konterman 00/01 Feyenoord €7.25m
100%
Arrivals Scotland ST 30 Billy Dodds 99/00 Dundee United €1.60m
100%
Arrivals Croatia LB 25 Borna Barišić 18/19 Osijek €2.45m
100%
Departures Nigeria CB 22 Calvin Bassey 22/23 Ajax €23.00m
100%
Arrivals Spain CB 25 Carlos Cuéllar 07/08 Osasuna €3.00m
100%
Departures Spain CB 26 Carlos Cuéllar 08/09 Aston Villa €10.00m
100%
Arrivals Germany CM 28 Christian Nerlinger 01/02 Borussia Dortmund €3.00m
100%
Departures England GK 31 Chris Woods 91/92 Sheffield Wednesday €1.36m
100%
Arrivals Argentina RW 34 Claudio Caniggia 00/01 Dundee €1.10m
100%
Arrivals United States CM 25 Claudio Reyna 98/99 Wolfsburg €3.00m
100%
Departures United States CM 28 Claudio Reyna 01/02 Sunderland €6.70m
100%
Arrivals Scotland CB 32 Colin Hendry 98/99 Blackburn Rovers €6.00m
100%
Departures Scotland CB 34 Colin Hendry 99/00 Coventry City €1.15m
100%
Arrivals Australia CB 23 Craig Moore 99/00 Crystal Palace €1.20m
100%
Departures Australia CB 22 Craig Moore 98/99 Crystal Palace €1.25m
100%
Arrivals Nigeria ST 28 Cyriel Dessers 23/24 Cremonese €5.00m
100%
Arrivals United States LM 25 DaMarcus Beasley 07/08 PSV €1.20m
100%
Departures Scotland CB 18 Danny Wilson 10/11 Liverpool €2.75m
100%
Arrivals Scotland CB 28 Dave McPherson 92/93 Hearts €2.60m
100%
Arrivals Scotland ST 21 Duncan Ferguson 93/94 Dundee United €6.10m
100%
Departures Scotland ST 22 Duncan Ferguson 94/95 Everton €6.10m
100%
Arrivals Netherlands RB 23 Fernando Ricksen 00/01 AZ Alkmaar €5.40m
100%
Departures Netherlands RB 30 Fernando Ricksen 06/07 Zenit €1.25m
100%
Arrivals Slovakia ST 22 Filip Šebo 06/07 Austria Vienna €2.50m
100%
Departures Slovakia ST 24 Filip Šebo 08/09 Valenciennes €1.20m
100%
Arrivals England RB 25 Gary Stevens 88/89 Everton €1.40m
100%
Departures Italy DM 20 Gennaro Gattuso 98/99 Salernitana €4.65m
100%
Arrivals Netherlands CM 23 Giovanni van Bronckhorst 98/99 Feyenoord €7.50m
100%
Departures Netherlands CM 26 Giovanni van Bronckhorst 01/02 Arsenal €13.50m
100%
Arrivals Serbia CB 25 Gordan Petrić 95/96 Dundee United €1.80m
100%
Arrivals Scotland ST 27 Gordon Durie 93/94 Tottenham Hotspur €1.80m
100%
Arrivals Scotland CM 21 Ian Ferguson 88/89 St Mirren €1.30m
100%
Arrivals Romania AM 21 Ianis Hagi 20/21 Genk €3.50m
100%
Departures France CB 25 Jean-Alain Boumsong 04/05 Newcastle United €11.30m
100%
Arrivals France DM 21 Jérémy Clement 06/07 Lyon €1.50m
100%
Departures France DM 22 Jérémy Clement 06/07 Paris Saint-Germain €2.00m
100%
Arrivals Sweden CB 25 Joachim Björklund 96/97 Vicenza €2.60m
100%
Departures Sweden CB 27 Joachim Björklund 98/99 Valencia €3.00m
100%
Departures Finland ST 24 Jonatan Johansson 00/01 Charlton Athletic €4.30m
100%
Arrivals Germany CM 25 Jörg Albertz 96/97 Hamburger €4.20m
100%
Departures Germany CM 30 Jörg Albertz 00/01 Hamburger €5.00m
100%
Arrivals Scotland ST 20 Kenny Miller 00/01 Hibernian €3.00m
100%
Arrivals Scotland ST 28 Kenny Miller 08/09 Derby County €2.60m
100%
Departures Scotland ST 22 Kenny Miller 01/02 Wolverhampton Wanderers €4.50m
100%
Arrivals Scotland CM 22 Kevin Thomson 06/07 Hibernian €3.00m
100%
Departures Scotland CM 25 Kevin Thomson 10/11 Middlesbrough €2.25m
100%
Arrivals Scotland CM 29 Lee McCulloch 07/08 Wigan Athletic €3.33m
100%
Arrivals Scotland LB 23 Lee Wallace 11/12 Hearts €1.70m
100%
Arrivals Italy CB 25 Lorenzo Amoruso 96/97 Fiorentina €6.00m
100%
Departures Italy CB 32 Lorenzo Amoruso 03/04 Blackburn Rovers €2.10m
100%
Arrivals Algeria CB 25 Madjid Bougherra 08/09 Charlton Athletic €3.25m
100%
Departures Algeria CB 28 Madjid Bougherra 11/12 Lekhwiya €1.95m
100%
Arrivals Italy ST 26 Marco Negri 97/98 Perugia €4.00m
100%
Departures England ST 33 Mark Hateley 95/96 Queens Park Rangers €1.75m
100%
Arrivals United States DM 22 Maurice Edu 08/09 Toronto €4.00m
100%
Arrivals England LB 21 Michael Ball 01/02 Everton €9.75m
100%
Arrivals Netherlands ST 28 Michael Mols 99/00 Utrecht €6.40m
100%
Arrivals Spain CM 20 Mikel Arteta 02/03 Barcelona €7.90m
100%
Departures Spain CM 22 Mikel Arteta 04/05 Real Sociedad €4.00m
100%
Arrivals Scotland ST 26 Mo Johnston 89/90 Nantes €2.25m
100%
Departures Scotland ST 28 Mo Johnston 91/92 Everton €2.25m
100%
Departures Scotland RB 20 Nathan Patterson 21/22 Everton €14.00m
100%
Arrivals Scotland LW 24 Neil McCann 98/99 Hearts €3.00m
100%
Departures Scotland LW 28 Neil McCann 03/04 Southampton €2.23m
100%
Arrivals Croatia ST 24 Nikica Jelavić 10/11 Rapid Vienna €4.90m
100%
Departures Croatia ST 26 Nikica Jelavić 11/12 Everton €6.60m
100%
Arrivals Russia ST 25 Oleg Salenko 95/96 Valencia €3.00m
100%
Arrivals England AM 28 Paul Gascoigne 95/96 Lazio €6.00m
100%
Departures England AM 30 Paul Gascoigne 97/98 Middlesbrough €5.00m
100%
Arrivals Portugal CM 29 Pedro Mendes 08/09 Portsmouth €3.75m
100%
Departures Portugal CM 30 Pedro Mendes 09/10 Sporting CP €1.70m
100%
Arrivals Denmark LW 20 Peter Løvenkrands 99/00 Akademisk €2.20m
100%
Arrivals Scotland CB 25 Richard Gough 87/88 Tottenham Hotspur €2.50m
100%
Arrivals Netherlands AM 30 Ronald de Boer 00/01 Barcelona €5.50m
100%
Arrivals Chile ST 20 Sebastián Rozental 96/97 Universidad Católica €4.50m
100%
Arrivals Italy RB 28 Sergio Porrini 97/98 Juventus €3.50m
100%
Arrivals Georgia ST 28 Shota Arveladze 01/02 Ajax €4.50m
100%
Arrivals Greece CB 25 Sotirios Kyrgiakos 04/05 Panathinaikos €2.63m
100%
Arrivals Germany GK 27 Stefan Klos 98/99 Borussia Dortmund €1.03m
100%
Arrivals France ST 28 Stéphane Guivarc'h 98/99 Newcastle United €4.00m
100%
Departures France ST 28 Stéphane Guivarc'h 99/00 Auxerre €3.85m
100%
Arrivals Northern Ireland CM 23 Steven Davis 08/09 Fulham €3.80m
100%
Departures Northern Ireland CM 27 Steven Davis 12/13 Southampton €1.00m
100%
Arrivals Scotland ST 20 Steven Naismith 07/08 Kilmarnock €2.80m
100%
Arrivals Scotland RB 23 Steven Whittaker 07/08 Hibernian €3.00m
100%
Arrivals Scotland CM 27 Stuart McCall 91/92 Everton €1.68m
100%
Arrivals Belgium AM 23 Thomas Buffel 04/05 Feyenoord €3.50m
100%
Arrivals Norway ST 27 Tore André Flo 00/01 Chelsea €18.00m
100%
Departures Norway ST 29 Tore André Flo 02/03 Sunderland €11.00m
100%
Arrivals England RM 28 Trevor Steven 92/93 Marseille €2.60m
100%
Arrivals England RM 25 Trevor Steven 89/90 Everton €2.25m
100%
Departures England RM 27 Trevor Steven 91/92 Marseille €5.85m
100%
Arrivals Turkey CM 29 Tugay Kerimoğlu 99/00 Galatasaray €2.57m
100%
Departures Turkey CM 30 Tugay Kerimoğlu 01/02 Blackburn Rovers €1.95m
100%
Arrivals Croatia ST 28 Antonio Čolak 22/23 PAOK €2.50m
50%
Departures Croatia ST 29 Antonio Čolak 23/24 Parma €2.27m
50%
Arrivals Netherlands LB 28 Arthur Numan 98/99 PSV €7.70m
50%
Arrivals England CB 26 Ben Davies 22/23 Liverpool €4.10m
50%
Departures Scotland DM 16 Billy Gilmour 17/18 Chelsea €1.70m
50%
Arrivals Portugal RW 31 Capucho 03/04 Porto €1.00m
50%
Arrivals Mexico AM 27 Carlos Peña 17/18 Guadalajara €3.00m
50%
Arrivals Switzerland ST 23 Cedric Itten 20/21 St. Gallen €3.00m
50%
Departures Switzerland ST 25 Cedric Itten 22/23 Young Boys €1.82m
50%
Arrivals England CB 25 Connor Goldson 18/19 Brighton & Hove Albion €3.40m
50%
Arrivals England RW 24 Dale Gordon 91/92 Norwich City €1.35m
50%
Arrivals Gabon ST 30 Daniel Cousin 07/08 Lens €1.70m
50%
Departures Gabon ST 31 Daniel Cousin 08/09 Hull City €1.90m
50%
Arrivals Brazil ST 24 Danilo 23/24 Feyenoord €6.30m
50%
Arrivals Scotland LB 22 David Robertson 91/92 Aberdeen €1.50m
50%
Arrivals Sweden CB 26 Filip Helander 19/20 Bologna €3.35m
50%
Arrivals Argentina ST 27 Gabriel Amato 98/99 Mallorca €6.40m
50%
Departures Argentina ST 29 Gabriel Amato 99/00 Grêmio €4.00m
50%
Departures Finland CM 27 Glen Kamara 23/24 Leeds United €5.80m
50%
Arrivals Denmark GK 22 Jesper Christiansen 00/01 Odense €2.55m
50%
Departures Nigeria AM 25 Joe Aribo 22/23 Southampton €8.20m
50%
Arrivals England ST 28 Joe Garner 16/17 Preston North End €1.73m
50%
Departures England ST 29 Joe Garner 17/18 Ipswich Town €1.10m
50%
Departures England AM 24 Josh Windass 18/19 Wigan Athletic €2.80m
50%
Arrivals France CB 27 Julien Rodriguez 05/06 Monaco €1.50m
50%
Departures Sweden CB 23 Karl Svensson 07/08 Caen €1.00m
50%
Arrivals Jamaica ST 27 Kemar Roofe 20/21 Anderlecht €5.00m
50%
Arrivals Northern Ireland ST 20 Kyle Lafferty 08/09 Burnley €4.50m
50%
Arrivals Jamaica ST 30 Marcus Gayle 00/01 Wimbledon €1.55m
50%
Departures Jamaica ST 30 Marcus Gayle 01/02 Watford €1.40m
50%
Departures England LW 27 Mark Walters 91/92 Liverpool €1.50m
50%
Arrivals England RB 27 Mel Sterland 88/89 Sheffield Wednesday €1.20m
50%
Arrivals Ivory Coast CM 22 Mohamed Diomande 24/25 Nordsjælland €5.00m
50%
Arrivals Wales RW 21 Rabbi Matondo 22/23 Schalke €3.00m
50%
Arrivals England LW 22 Ryan Kent 19/20 Liverpool €7.20m
50%
Arrivals Norway LB 25 Ståle Stensaas 97/98 Rosenborg €1.75m
50%
Arrivals Norway AM 23 Thelo Aasgaard 25/26 Luton Town €3.95m
50%
Arrivals England AM 24 Todd Cantwell 22/23 Norwich City €1.71m
50%
Arrivals Lithuania ST 29 Andrius Velička 08/09 Viking €1.40m
0%
Arrivals France LW 21 Djeidi Gassama 25/26 Sheffield Wednesday €2.40m
0%
Arrivals Serbia DM 28 Dragan Mladenović 04/05 Crvena Zvezda €1.60m
0%
Arrivals Mexico ST 28 Eduardo Herrera 17/18 Pumas UNAM €1.70m
0%
Arrivals England CB 23 Emmanuel Fernandez 25/26 Peterborough United €2.90m
0%
Arrivals Albania RW 23 Eros Grezda 18/19 Osijek €2.00m
0%
Arrivals Portugal CB 23 Fábio Cardoso 17/18 Vitória Setúbal €1.50m
0%
Departures Zambia LW 26 Fashion Sakala 23/24 Al Fayha €4.65m
0%
Arrivals Scotland CM 30 Graham Dorrans 17/18 Norwich City €1.50m
0%
Arrivals Morocco ST 21 Hamza Igamane 24/25 AS FAR €2.36m
0%
Arrivals England ST 32 James Beattie 10/11 Stoke City €1.80m
0%
Arrivals Scotland LW 28 Jamie Murphy 18/19 Brighton & Hove Albion €1.20m
0%
Arrivals Ecuador CM 24 José Cifuentes 23/24 Los Angeles €1.40m
0%
Arrivals Curaçao CM 24 Juninho Bacuna 21/22 Huddersfield Town €2.30m
0%
Departures Scotland CM 20 Lewis Macleod 14/15 Brentford €1.28m
0%
Departures England ST 27 Martyn Waghorn 17/18 Ipswich Town €1.10m
0%
Arrivals Albania AM 25 Nedim Bajrami 24/25 Sassuolo €3.60m
0%
Arrivals Belgium CM 21 Nicolas Raskin 22/23 Standard Liège €1.50m
0%
Arrivals Bosnia & Herzegovina CB 21 Nikola Katić 18/19 Slaven Belupo €2.28m
0%
Arrivals Ukraine AM 28 Oleksiy Mykhaylychenko 91/92 Sampdoria €2.50m
0%
Arrivals Finland RW 23 Oliver Antman 25/26 Go Ahead Eagles €4.40m
0%
Arrivals Colombia LW 21 Óscar Cortés 25/26 Lens €5.25m
0%
Arrivals Turkey LB 21 Rıdvan Yılmaz 22/23 Beşiktaş €4.00m
0%
Arrivals Netherlands CB 30 Robin Pröpper 24/25 Twente €3.20m
0%
Departures Netherlands CB 31 Robin Pröpper 25/26 Twente €1.70m
0%
Arrivals Netherlands ST 26 Sam Lammers 23/24 Atalanta €4.10m
0%
Departures Netherlands ST 27 Sam Lammers 24/25 Twente €2.00m
0%
Arrivals Czech Republic RW 26 Václav Černý 24/25 Wolfsburg €1.50m
0%
No matching quizzes found
Score Distribution
Percent of People with Each Score
Percentile by Number Answered
Your Score History
You have not taken this quiz since the last reset